00587nam a2200157 a 450000500170000000800410001702000180005805000220007610000210009824501170011926000530023630000220028952000800031165000150039165000230040620140412111259.0010423s19uu xx 00 eng d a0-7214-7384-9 aM 823.8bD52 1998 aDickens, Charles aOliver Twist /cby Charles Dickesn; retold by Brenda Ralph Lewis and Ronne Randall ; illustrated by John Holder. aLeicestershire, UK :bLadybird Books Ltd,c1998. a1v. (unp.) ; ill. aBorn in the workhouse, orphan Oliver Twist grows up with hunger and misery. aFolk Tales aChildren's stories